| 000 | 00382nam a2200145Ia 4500 | ||
|---|---|---|---|
| 008 | 230312s9999||||xx |||||||||||||| ||und|| | ||
| 020 | _a9781292165226 | ||
| 082 |
_a658.403 _bKRO-U |
||
| 100 | _aWhitten | ||
| 245 | 0 | _aSystems analysis and design methods | |
| 260 |
_bPearson _aMalaysia _c2017 |
||
| 300 | _a597 | ||
| 650 |
_aManagement _vManagement Information System |
||
| 942 | _cBK | ||
| 999 |
_c17521 _d17521 |
||